| 000 | 00789nam a2200217 4500 | ||
|---|---|---|---|
| 001 | 1386 | ||
| 005 | 20181127163220.0 | ||
| 008 | 961031s1996 maua b 000 0 eng | ||
| 010 | _a 96215797 | ||
| 020 | _a0536595003 | ||
| 043 | _an-us--- | ||
| 100 | 1 | _aJennings, George-Harold. | |
| 245 | 1 | 0 |
_aPassages beyond the gate : _ba Jungian approach to understanding the nature of American psychology at the dawn of the new millenium / _cGeorge-Harold Jennings. |
| 260 |
_aNeedham Heights, MA : _bSimon & Schuster Custom Pub., _cc1996. |
||
| 300 |
_axviii, 269 p. : _bill. ; _c28 cm. |
||
| 504 | _aIncludes bibliographical references. | ||
| 600 | 1 | 0 |
_aJung, C. G. _q(Carl Gustav), _d1875-1961. |
| 650 | 0 | _aJungian psychology. | |
| 650 | 0 | _aPsychoanalysis. | |
| 650 | 0 |
_aPsychology _zUnited States. |
|
| 999 |
_c1018 _d1018 |
||